000 00727nam a2200277 a 4500
003 AR-BaBNM
005 20251128204058.0
008 082120s2002 ||||||||||||||000 | spa||
020 _a950-03-4203-0
040 _cAR-BaBNM
100 1 _aCamon, Ferdinando
245 0 0 _aNovelas de la llanura ;
_bEl quinto estado ; La vida eterna
250 _a1ª ed.
260 _aBuenos Aires
_bLosada
_c1991
300 _a273 p.
490 0 _aNovelistas de nuestra época
650 4 _aLITERATURA ITALIANA
650 4 _aLITERATURA CONTEMPORANEA
650 4 _aREALISMO
653 _aNARRATIVA
653 _aNOVELA SOCIAL
655 _aLITERATURA
700 1 _aAliberti, Antonio
_etraductor
942 _cBK
998 _cMARTIN
999 _c6078
_d6078